=LDR 00000nam 2200000 4500 =001 000870 =005 20250712111056 =035 ##$$a 0010-0725000748 =007 ta =008 250712################a##########0#ind## =020 ##$$a 978-623-07-957-0 =082 ##$$a 398.209 598 =084 ##$$a 398.209 598 ASH b =100 #$$a ashok, Mala =245 1#$$a bintang- bintang Ramya /$c Mala Ashok =250 ##$$a Pertama =260 ##$$a Jakarta :$b Badan pengembangan dan pembinaan,$c 2022 =300 ##$$a 16 HLM. : $b ilus. ; $c 22,9 cm =650 #4$$a Cerita anak Indonesia terjemahan =650 #4$$a Literasi bahan bacaan =990 ##$$a TBM202400783